Concrete technology (Record no. 4023)

000 -LEADER
fixed length control field 00455nam a22001817a 4500
001 - CONTROL NUMBER
control field 4023
003 - CONTROL NUMBER IDENTIFIER
control field BD-DhUET
008 - FIXED-LENGTH DATA ELEMENTS--GENERAL INFORMATION
fixed length control field 141111b xxu||||| |||| 00| 0 eng d
040 ## - CATALOGING SOURCE
Transcribing agency 0
Modifying agency BD-DhUET
082 ## - DEWEY DECIMAL CLASSIFICATION NUMBER
Classification number 620.136
Item number SHE/1982
100 ## - MAIN ENTRY--PERSONAL NAME
Personal name Shetty, M. S.
245 ## - TITLE STATEMENT
Title Concrete technology
Remainder of title theory and practice
250 ## - EDITION STATEMENT
Edition statement 1st ed.
260 ## - PUBLICATION, DISTRIBUTION, ETC. (IMPRINT)
Place of publication, distribution, etc. New Delhi
Name of publisher, distributor, etc. S. Chand
Date of publication, distribution, etc. 1982
300 ## - PHYSICAL DESCRIPTION
Extent xiv, 592p.
Other physical details ill.
650 #0 - SUBJECT ADDED ENTRY--TOPICAL TERM
Topical term or geographic name as entry element Concrete - Engineering
942 ## - ADDED ENTRY ELEMENTS (KOHA)
Koha item type General Book
Holdings
Koha item type Koha normalized classification for sorting Withdrawn status Price effective from Not for loan Damaged status Koha full call number Date acquired Koha date last borrowed Copy number Sublocation or collection (holding branch) Shelving location Piece designation (barcode) Lost status Koha collection Koha issues (times borrowed) Location (home branch) Source of classification or shelving scheme Koha date last seen
General Book620_000000000000000_136SHE1982 2014-11-11  620.136/SHE/19822014-11-112014-11-112Central Library, BUETCirculation section58310  1Central Library, BUET 2014-12-23
General Book620_000000000000000_136SHE1982 2014-11-16  620.136/SHE/19822014-11-162014-11-161Central Library, BUETCirculation section56438  1Central Library, BUET 2017-06-05
General Book620_136000000000000_SHE_1982 2014-11-18  620.136/SHE/19822014-11-182014-11-183Central Library, BUETCirculation section58315  1Central Library, BUET 2016-09-03
General Book620_000000000000000_136SHE1982 2014-11-26  620.136/SHE/19822014-11-262016-03-054Central Library, BUETCirculation section58312  2Central Library, BUET 2016-08-21
General Book620_136000000000000_SHE_1982 2015-02-05  620.136/SHE/19822015-02-05 5Central Library, BUETCirculation section58311 Non Fiction Central Library, BUET 2015-02-05
Reading Item620_136000000000000_SHE_1982 2015-06-14  620.136/SHE/19822015-06-14 6Central Library, BUETReading section58308   Central Library, BUET 2015-06-14
Reading Item620_136000000000000_SHE_1982 2015-06-15  620.136/SHE/19822015-06-15 7Central Library, BUETReading section58309   Central Library, BUET 2015-06-15
Reading Item620_136000000000000_SHE_1982 2015-06-16  620.136/SHE/19822015-06-16 8Central Library, BUETReading section58313   Central Library, BUET 2015-06-16
Reading Item620_136000000000000_SHE_1982 2015-06-16  620.136/SHE/19822015-06-16 9Central Library, BUETReading section58314   Central Library, BUET 2015-06-16
Reading Item620_136000000000000_SHE_1982 2015-06-20  620.136/SHE/19822015-06-20 10Central Library, BUETReading section58316   Central Library, BUET 2015-06-20
Reading Item620_136000000000000_SHE_1982 2015-06-23  620.136/SHE/19822015-06-23 11Central Library, BUETReading section55327   Central Library, BUET 2015-06-23